[Event "Moscow Open A 2015"]
[Site "Moscow RUS"]
[Date "2015.02.02"]
[Round "3.107"]
[White "Golubev, Roman"]
[Black "Tukubayev, K"]
[Result "1/2-1/2"]
[WhiteTitle "FM"]
[WhiteElo "2348"]
[BlackElo "2157"]
[WhiteFideId "14202344"]
[BlackFideId "13708147"]
[EventDate "2015.01.31"]

1. e4 e5 2. Nf3 Nf6 3. Nxe5 d6 4. Nf3 Nxe4 5. Nc3 Nxc3 6. dxc3 Be7 7. Bf4 Nc6 8.
Qd2 Bg4 9. Be2 Qd7 10. h3 Bf5 11. O-O-O O-O-O 12. Rhe1 Rhe8 13. g4 Be4 14. Nd4
Bh4 15. Bb5 a6 16. Ba4 b5 17. Bb3 Na5 18. Rxe4 Rxe4 19. Bd5 Qe8 20. Bxe4 Qxe4
21. f3 Qd5 22. b3 Bf6 23. Qe3 Nc6 24. g5 Bxd4 25. cxd4 Kd7 26. Kb2 b4 27. Qd3 a5
28. Qxh7 g6 29. Qh4 Qxf3 30. Rd3 Qh5 31. Qf2 Ne7 32. d5 Ra8 33. Kb1 Nf5 34. Qf1
Re8 35. Rd2 Re4 36. Rf2 Qh4 37. Bc1 Re5 38. Qb5+ Ke7 39. Rf4 Qxh3 40. Rc4 Qh1
41. Rxc7+ Kf8 42. Rc8+ Kg7 43. Qb8 Qh7 44. a3 Re1 45. Re8 Rxe8 46. Qxe8 Qh1 47.
axb4 axb4 48. Qd8 Qe1 49. Qf6+ Kg8 50. Qd8+ Kg7 51. Qb8 Nd4 52. Qxd6 Ne2 53.
Qe5+ Kg8 54. Qe3 Nc3+ 55. Ka1 Qf1 56. Qe8+ Kh7 57. Kb2 Nd1+ 58. Kb1 1/2-1/2

[Event "Moscow Open A 2015"]
[Site "Moscow RUS"]
[Date "2015.02.02"]
[Round "3.108"]
[White "Geivondian, Arman"]
[Black "Mamyrbay, Assad"]
[Result "1-0"]
[WhiteElo "2304"]
[BlackElo "2152"]
[WhiteFideId "24102032"]
[BlackFideId "13708880"]
[EventDate "2015.01.31"]

1. d4 Nf6 2. Nf3 g6 3. Bg5 Bg7 4. Nbd2 d5 5. c3 c5 6. e3 h6 7. Bf4 Nc6 8. dxc5
O-O 9. Bb5 Nh5 10. Bxc6 bxc6 11. Qa4 Nxf4 12. exf4 Rb8 13. Nb3 Bf5 14. O-O Qc7
15. Rfe1 Be4 16. Ne5 Rfc8 17. f3 Bf5 18. g4 Bc2 19. Re2 f6 20. Rxc2 fxe5 21.
fxe5 Qxe5 22. Kg2 Qe3 23. Qa6 Qf4 24. Qe2 e5 25. Re1 Rf8 26. Nc1 Rbe8 27. Nd3
Qg5 28. Qe3 Qh4 29. Qf2 Qf6 30. Rce2 e4 31. fxe4 Qg5 32. Qg3 dxe4 33. Rxe4 Rxe4
34. Rxe4 Qd2+ 35. Kh3 Qd1 36. Re1 Qd2 37. Qe3 Qc2 38. Re2 Qd1 39. Rf2 Rxf2 40.
Nxf2 Qd5 41. Nd3 Kh7 42. a3 Qc4 43. Kg3 Qd5 44. Qf3 Qc4 45. h4 Kg8 46. h5 gxh5
47. gxh5 Qe6 48. Kf2 Bf6 49. Qg3+ Bg5 50. Qb8+ Kh7 51. Qxa7+ Kg8 52. Qb8+ Kh7
53. Qc7+ Kg8 54. Qg3 Qf5+ 55. Qf3 Bh4+ 56. Ke2 Qe6+ 57. Kd2 Qb3 58. Kc1 Bg5+ 59.
Kb1 Qa4 60. Qe2 Qc4 61. Qe8+ Kh7 62. Qg6+ Kh8 63. Ne5 1-0

[Event "Moscow Open A 2015"]
[Site "Moscow RUS"]
[Date "2015.02.02"]
[Round "3.109"]
[White "Aslanov, Sergei"]
[Black "Shandrygin, Nikita"]
[Result "0-1"]
[WhiteElo "2273"]
[BlackElo "2151"]
[WhiteFideId "4180828"]
[BlackFideId "24198668"]
[EventDate "2015.01.31"]

1. e4 e5 2. Nf3 Nc6 3. Bb5 Nge7 4. O-O g6 5. c3 a6 6. Ba4 d6 7. d4 Bd7 8. Bb3 h6
9. Be3 Bg7 10. Qc1 Na5 11. dxe5 Nxb3 12. axb3 dxe5 13. Nbd2 Nc6 14. b4 Be6 15.
Rd1 Qc8 16. Nf1 b6 17. h3 Qb7 18. Ng3 Ne7 19. Ra3 f5 20. exf5 Nxf5 21. Nxf5 gxf5
22. c4 f4 23. Bxf4 exf4 24. Qxf4 Rf8 25. Qg3 Bf6 26. Re3 Qc6 27. Rde1 O-O-O 28.
Rxe6 Qxc4 29. R6e4 Qc2 30. Qg4+ Kb8 31. Rc4 Qb3 32. Rec1 Rd1+ 33. Rxd1 Qxd1+ 34.
Kh2 Qd5 35. b3 Be7 36. Qe4 Bd6+ 37. Kg1 Qd1+ 38. Qe1 Qxb3 39. Qc1 Rg8 40. Ne1
Qxh3 41. Re4 Rxg2+ 42. Nxg2 Qh2+ 43. Kf1 Qh1+ 0-1

[Event "Moscow Open A 2015"]
[Site "Moscow RUS"]
[Date "2015.02.02"]
[Round "3.110"]
[White "Kuprijanov, Anatoly"]
[Black "Zhuk, Valeriy"]
[Result "1/2-1/2"]
[WhiteElo "2248"]
[BlackElo "2150"]
[WhiteFideId "24141143"]
[BlackFideId "24151254"]
[EventDate "2015.01.31"]

1. d4 d5 2. c4 c6 3. Nf3 Nf6 4. e3 e6 5. Bd3 dxc4 6. Bxc4 Bd6 7. O-O Nbd7 8. Qe2
b5 9. Bd3 O-O 10. a4 bxa4 11. Nbd2 c5 12. e4 Be7 13. e5 Nd5 14. Ne4 cxd4 15.
Rxa4 Nb4 16. Rxb4 Bxb4 17. Neg5 g6 18. Qe4 Nc5 19. Qh4 h5 20. Bc2 Bb7 21. Nxd4
a5 22. Be3 Qd5 23. Ndf3 Ba6 24. Be4 Nxe4 25. Nxe4 Qd3 26. Ra1 Bb7 27. Nfg5 Be7
28. Nf6+ Kg7 29. Nh3 Rad8 30. Kh1 Qf5 31. Bg5 Rd3 32. Nf4 Rd7 33. N4xh5+ gxh5
34. Nxh5+ Kg8 35. Bxe7 Rxe7 36. Qxe7 Bxg2+ 37. Kxg2 Qxh5 38. Ra3 Qh6 39. Rg3+
Kh7 40. Qa3 Rg8 41. Qxa5 Qh4 42. Qc3 Qe4+ 43. Qf3 Qxf3+ 44. Kxf3 Rb8 45. h3 Rxb2
46. Ke3 Rb4 47. f4 Rb3+ 48. Kf2 Rb8 49. Kf3 Rb4 50. h4 Ra4 51. Kg4 Kg6 52. Rb3
Ra1 53. Rg3 Ra4 54. Kf3+ Kh7 55. Rg2 Rb4 56. Rc2 Kg6 57. Rc7 Rb3+ 58. Kg4 f5+
59. exf6 Kxf6 60. h5 Rb1 61. Rc5 Rg1+ 62. Kf3 Rh1 63. Rg5 Rh2 64. Ke3 Rh1 65.
Kf3 Rh2 66. Kg3 Rh1 67. Kg2 Rh4 68. Kg3 Rh1 69. Rb5 Rg1+ 70. Kf2 Rh1 71. Kg2 Rh4
72. Kf3 Rh1 73. Rc5 Rh3+ 74. Ke4 Rh1 75. Rg5 Re1+ 76. Kf3 Rh1 77. Kg2 Rh4 78.
Kg3 Rh1 79. Kf3 Rh2 80. Kg4 Rg2+ 81. Kh4 Rh2+ 82. Kg3 Rh1 83. Ra5 Rg1+ 84. Kf2
Rh1 85. Kg2 Rh4 86. Kg3 Rh1 1/2-1/2

[Event "Moscow Open A 2015"]
[Site "Moscow RUS"]
[Date "2015.02.02"]
[Round "3.111"]
[White "Tarasov, Oleg"]
[Black "Selivanov, Ivan"]
[Result "1-0"]
[WhiteElo "2247"]
[BlackElo "2149"]
[WhiteFideId "4162870"]
[BlackFideId "24199060"]
[EventDate "2015.01.31"]

1. e4 c5 2. c3 d5 3. exd5 Qxd5 4. d4 Nf6 5. Nf3 Bg4 6. dxc5 Qxd1+ 7. Kxd1 e5 8.
b4 e4 9. h3 Bh5 10. g4 Nxg4 11. hxg4 Bxg4 12. Nd2 Nc6 13. Kc2 exf3 14. Bd3 O-O-O
15. Nc4 h5 16. a4 f6 17. a5 g5 18. a6 Rxd3 19. axb7+ Kxb7 20. Kxd3 Bf5+ 21. Ke3
g4 22. Nd6+ Bxd6 23. cxd6 Ne5 24. Kf4 Be6 25. Be3 a6 26. Bd4 Ng6+ 27. Ke3 Bf5
28. Bxf6 Re8+ 29. Be7 Nxe7 30. dxe7 Rxe7+ 31. Kf4 Bg6 32. Rhe1 Rc7 33. Ra5 Bd3
34. Rxh5 Rxc3 35. Re7+ Kb6 36. Re6+ Rc6 37. Rxc6+ Kxc6 38. Kxg4 Be2 39. Kf4 Kb6
40. Ke3 Kc6 41. Rf5 Kb6 42. Re5 Kc6 43. Kd2 Bf1 44. Re3 Bg2 45. Rd3 Kb6 46. Kc3
a5 47. bxa5+ Kxa5 48. Kd4 Kb5 49. Ke4 Kc5 50. Kf4 Kc6 51. Rxf3 Bxf3 52. Kxf3 Kd5
53. Kg4 Ke6 54. Kf4 Kf6 55. f3 Ke6 56. Kg5 Ke5 57. f4+ Ke6 58. Kg6 Ke7 59. f5
Kf8 60. Kf6 Ke8 61. Kg7 1-0

[Event "Moscow Open A 2015"]
[Site "Moscow RUS"]
[Date "2015.02.02"]
[Round "3.112"]
[White "Miroshnichenko, Pavel"]
[Black "Kruzhilin, Aleksey"]
[Result "1-0"]
[WhiteElo "2245"]
[BlackElo "2141"]
[WhiteFideId "4188659"]
[BlackFideId "24177547"]
[EventDate "2015.01.31"]

1. e4 e5 2. Nf3 Nc6 3. Bb5 a6 4. Ba4 Nf6 5. d3 b5 6. Bb3 Be7 7. Nc3 O-O 8. a4 b4
9. Nd5 d6 10. h3 Rb8 11. Bd2 Be6 12. a5 Nd7 13. Be3 Nf6 14. Ng5 Bd7 15. Nxf6+
Bxf6 16. h4 g6 17. Qf3 h5 18. Qg3 Kg7 19. O-O Rb5 20. f4 exf4 21. Qxf4 Ne5 22.
d4 Ng4 23. Bc4 Nxe3 24. Qxe3 Bxg5 25. hxg5 Qxg5 26. Qf2 Rbb8 27. Bxa6 Ra8 28.
Bb7 Ra7 29. a6 c5 30. e5 Bc8 31. exd6 Bxb7 32. axb7 Rxb7 33. dxc5 Rb5 34. c6 Rd5
35. Ra7 Rd2 36. Rxf7+ Kh6 37. Rxf8 Rxf2 38. R8xf2 h4 39. d7 Qd5 40. Rf3 g5 41.
Rd3 1-0

[Event "Moscow Open A 2015"]
[Site "Moscow RUS"]
[Date "2015.02.02"]
[Round "3.113"]
[White "Danielyan, Vahe"]
[Black "Nikologorsky, Matfei"]
[Result "1-0"]
[WhiteElo "2140"]
[BlackElo "2243"]
[WhiteFideId "13304828"]
[BlackFideId "24102474"]
[EventDate "2015.01.31"]

1. e4 e6 2. d4 d5 3. Nc3 Bb4 4. e5 c5 5. a3 Bxc3+ 6. bxc3 Qc7 7. Nf3 Nc6 8. a4
Nge7 9. Ba3 c4 10. Be2 O-O 11. O-O f6 12. exf6 Rxf6 13. Ne5 Ng6 14. Nxg6 Rxg6
15. f4 Bd7 16. Qd2 Re8 17. Bh5 Rf6 18. Bxe8 Bxe8 19. Rae1 Bg6 20. Re3 Nd8 21. g4
Rxf4 22. Rg3 Rxf1+ 23. Kxf1 Nf7 24. Rf3 h6 25. Qf2 Qd7 26. h4 Be4 27. Rf4 g5 28.
Rf6 Kg7 29. a5 b6 30. a6 Qe8 31. h5 Qd7 32. Ke1 Qe8 33. Kd2 Qd7 34. Bb4 Qe8 35.
Qf1 Qd7 36. Rf2 Qe8 37. Qg1 e5 38. Qg3 Qa4 39. Ke3 Qa1 40. Re2 Kf6 41. Re1 exd4+
42. Kxd4 Qxa6 43. Rf1+ Ke6 44. Qc7 1-0

[Event "Moscow Open A 2015"]
[Site "Moscow RUS"]
[Date "2015.02.02"]
[Round "3.114"]
[White "Goltsev, Dmitry"]
[Black "Rozanov, Pavel B."]
[Result "1-0"]
[BlackTitle "FM"]
[WhiteElo "2111"]
[BlackElo "2241"]
[WhiteFideId "24176710"]
[BlackFideId "4129270"]
[EventDate "2015.01.31"]

1. e4 c6 2. d3 e5 3. c3 Nf6 4. g3 d5 5. Nd2 Bg4 6. Be2 Bxe2 7. Qxe2 Nbd7 8. f4
dxe4 9. Nxe4 Nxe4 10. dxe4 Nc5 11. Be3 exf4 12. Rd1 Qe7 13. Bxc5 Qxc5 14. gxf4
Be7 15. Nf3 O-O 16. Rd7 b5 17. Ne5 Bh4+ 18. Kd1 Bf6 19. Nd3 Qc4 20. e5 Rad8 21.
Rxd8 Bxd8 22. a3 a5 23. Qe3 Bb6 24. Qf3 c5 25. Nc1 a4 26. Qc6 Qxf4 27. Nd3 Qg4+
28. Kc1 c4 29. Nb4 Rc8 30. Qb7 Rd8 31. Qxb6 Qf4+ 32. Kb1 1-0

[Event "Moscow Open A 2015"]
[Site "Moscow RUS"]
[Date "2015.02.02"]
[Round "3.115"]
[White "Bikuzhin, Maksim"]
[Black "Dovletov, Hajugurban"]
[Result "1-0"]
[WhiteElo "2241"]
[BlackElo "2097"]
[WhiteFideId "24128015"]
[BlackFideId "14003600"]
[EventDate "2015.01.31"]

1. e4 c5 2. c3 Nf6 3. e5 Nd5 4. d4 cxd4 5. Nf3 Nc6 6. cxd4 d6 7. Bc4 Nb6 8. Bb5
Bd7 9. Nc3 e6 10. O-O dxe5 11. dxe5 Be7 12. a3 O-O 13. Qe2 Na5 14. Bd3 Bc6 15.
Bf4 Nd5 16. Nxd5 Bxd5 17. Rfd1 Nb3 18. Rab1 Qb6 19. Ng5 h6 20. Nh7 Rfd8 21. Qg4
Kh8 22. Qh5 Nc5 23. Bxh6 Nxd3 24. Be3 Nf4 25. Bxf4 Kg8 26. Ng5 Bxg5 27. Bxg5 Rd7
28. Bf6 gxf6 29. exf6 Qc5 30. Qg5+ Kf8 31. Rbc1 Qd6 32. Rxd5 1-0

[Event "Moscow Open A 2015"]
[Site "Moscow RUS"]
[Date "2015.02.02"]
[Round "3.117"]
[White "Gumirov, Konstantin L"]
[Black "Komissarov, Alexey"]
[Result "0-1"]
[WhiteElo "1988"]
[BlackElo "2205"]
[WhiteFideId "4125061"]
[BlackFideId "4176545"]
[EventDate "2015.01.31"]

1. d4 Nf6 2. g4 Nxg4 3. e4 d6 4. Be2 Nf6 5. Nc3 c5 6. dxc5 Qa5 7. Bf3 Qxc5 8.
Be3 Qa5 9. a3 Nc6 10. b4 Qd8 11. Qe2 g6 12. Rd1 Bg7 13. Na4 O-O 14. h4 Ne5 15.
Bg2 Bd7 16. Nb2 Qc7 17. Bd4 Nc6 18. Bc3 Nd8 19. Qd3 Bb5 20. Qf3 Rc8 21. Rh3 Bd7
22. Rg3 Bg4 23. Qe3 Bxd1 24. Nxd1 Ng4 25. Qg5 Nf6 26. Ne2 Ne6 27. Qe3 Nh5 28.
Rf3 Be5 29. Bh3 Nef4 30. Nxf4 Nxf4 31. h5 g5 32. Rg3 Nxh3 33. Rxh3 h6 34. Qd2
Qc4 35. Qe3 Bf4 36. Qf3 Qe6 37. Rh1 Rc4 38. Kf1 Qxe4 39. Qxe4 Rxe4 40. f3 Rc4
41. Ke2 Rfc8 42. Kd3 Be5 43. Bxe5 dxe5 44. c3 b5 45. Re1 f6 46. Re3 Rh4 47. Nb2
Rd8+ 48. Kc2 Rh2+ 49. Kb3 Rdd2 50. Nd3 f5 51. Rxe5 Rxd3 52. Rxb5 g4 53. Rxf5
Rxf3 54. Ra5 g3 55. Rxa7 g2 56. Rxe7 g1=Q 0-1

[Event "Moscow Open A 2015"]
[Site "Moscow RUS"]
[Date "2015.02.02"]
[Round "3.118"]
[White "Pletnev, Evgeniy"]
[Black "Bolanos Lepere, Ulises"]
[Result "1-0"]
[WhiteElo "2203"]
[BlackElo "1946"]
[WhiteFideId "24104140"]
[BlackFideId "5109604"]
[EventDate "2015.01.31"]

1. d4 Nf6 2. Bg5 c5 3. Nc3 cxd4 4. Qxd4 Nc6 5. Qh4 Qb6 6. O-O-O h6 7. e4 a6 8.
Bxf6 gxf6 9. Nd5 Qd8 10. Bc4 Ne5 11. Bb3 Bg7 12. Qg3 Kf8 13. f4 Ng6 14. Nf3 d6
15. Nd4 h5 16. Kb1 Bg4 17. Rde1 e5 18. Nf5 Bxf5 19. exf5 Ne7 20. fxe5 dxe5 21.
Rd1 Nxf5 22. Qc3 Nd4 23. Qb4+ Kg8 24. Ne7+ Kh7 25. Qxb7 Re8 26. Nf5 Qc8 27. Qxc8
Raxc8 28. Nd6 Nxb3 29. axb3 e4 30. Nxc8 Rxc8 31. Rd6 Re8 32. Re1 f5 33. c3 f4
34. Rxa6 h4 35. h3 f6 36. Kc2 Rd8 37. b4 Kg6 38. b5 Kf5 39. Ra7 Bh6 40. b6 f3
41. Ra5+ Kf4 42. Ra4 Kg3 43. gxf3 Kxh3 44. b7 Rb8 45. Rexe4 1-0

[Event "Moscow Open A 2015"]
[Site "Moscow RUS"]
[Date "2015.02.02"]
[Round "3.119"]
[White "Spirin, Alexandr"]
[Black "Litvinov, Maxim"]
[Result "0-1"]
[WhiteElo "1943"]
[BlackElo "2192"]
[WhiteFideId "4187431"]
[BlackFideId "24157449"]
[EventDate "2015.01.31"]

1. Nf3 c5 2. b3 d6 3. Bb2 e5 4. e4 Nc6 5. Nc3 Nf6 6. Bb5 a6 7. Bc4 b5 8. Bd5
Nxd5 9. Nxd5 g6 10. O-O Bg7 11. c3 O-O 12. d4 exd4 13. cxd4 Bg4 14. Rc1 Nxd4 15.
Bxd4 Bxd4 16. Qd3 Bg7 17. h3 Bxf3 18. Qxf3 Ra7 19. Rfd1 f5 20. Ne3 fxe4 21. Qxe4
Bd4 22. Ng4 Qg5 23. h4 Qf4 24. Qe6+ Raf7 25. Rc2 Kg7 26. Rd3 h5 27. Rxd4 cxd4
28. Nh2 d3 29. Rc6 Qxf2+ 30. Kh1 d2 31. Nf3 0-1

[Event "Moscow Open A 2015"]
[Site "Moscow RUS"]
[Date "2015.02.02"]
[Round "3.120"]
[White "Dzhaumutbaev, Erzhan"]
[Black "Grishaev, Igor"]
[Result "1-0"]
[WhiteElo "2190"]
[BlackElo "1938"]
[WhiteFideId "4191110"]
[BlackFideId "4197925"]
[EventDate "2015.01.31"]

1. e4 c5 2. Nf3 d6 3. d4 cxd4 4. Qxd4 Nc6 5. Bb5 Bd7 6. Bxc6 Bxc6 7. Nc3 Nf6 8.
Bg5 h6 9. Bh4 Qa5 10. O-O-O e5 11. Qd3 Nd7 12. Nd2 Nc5 13. Qe3 Rc8 14. f4 b5 15.
fxe5 b4 16. Nc4 Qa6 17. Nxd6+ Bxd6 18. Rxd6 Ne6 19. Nd5 Qxa2 20. Rxe6+ fxe6 21.
Qc5 Kf7 22. Qe7+ Kg6 23. Qxe6+ Kh5 24. Nf4+ Kxh4 25. g3+ Kg5 26. h4# 1-0

[Event "Moscow Open A 2015"]
[Site "Moscow RUS"]
[Date "2015.02.02"]
[Round "3.121"]
[White "Bykov, Oleg"]
[Black "Kruk, Ivan"]
[Result "1-0"]
[WhiteElo "2186"]
[BlackElo "1887"]
[WhiteFideId "24198978"]
[BlackFideId "13903497"]
[EventDate "2015.01.31"]

1. d4 d5 2. c4 dxc4 3. e3 e5 4. Bxc4 exd4 5. exd4 Nc6 6. Nf3 Nf6 7. O-O Be7 8.
Bf4 O-O 9. Nc3 Bg4 10. d5 Na5 11. Be2 a6 12. Qa4 b6 13. h3 Bd7 14. Qc2 Nb7 15.
Ne5 Nd6 16. Nxd7 Qxd7 17. Rfd1 Rfe8 18. Rac1 Bf8 19. Bf3 Rac8 20. Bg5 Rb8 21.
Ne2 Rb7 22. Nd4 h6 23. Bh4 g5 24. Bg3 Nfe4 25. Bxd6 Nxd6 26. Re1 b5 27. Bg4 f5
28. Nxf5 Nxf5 29. Bxf5 Rxe1+ 30. Rxe1 Qd6 31. Re8 Kg7 32. Be6 Qe5 33. Rd8 Bd6
34. Rg8+ Kf6 35. Qg6+ 1-0

[Event "Moscow Open A 2015"]
[Site "Moscow RUS"]
[Date "2015.02.02"]
[Round "3.122"]
[White "Mischeryakov, Alexey"]
[Black "Gkogkas, Dimitrios"]
[Result "1-0"]
[WhiteElo "1911"]
[BlackElo "2175"]
[WhiteFideId "34156434"]
[BlackFideId "4200462"]
[EventDate "2015.01.31"]

1. e4 c5 2. Nf3 d6 3. d4 cxd4 4. Nxd4 Nf6 5. Nc3 Nc6 6. Bg5 e6 7. Qd2 Be7 8. h4
O-O 9. O-O-O Nxd4 10. Qxd4 Qa5 11. Bd2 Qc7 12. f3 d5 13. exd5 exd5 14. Bf4 Qa5
15. Nxd5 Nxd5 16. Qxd5 Qb6 17. Qb3 Qxb3 18. axb3 Be6 19. Bd6 Bxd6 20. Rxd6 Rfc8
21. Bc4 Bxc4 22. bxc4 Rxc4 23. Rhd1 Kf8 24. g3 Rac8 25. c3 R8c7 26. h5 h6 27.
Re1 f6 28. Kd2 Re7 29. Ra1 b6 30. b4 Rcc7 31. Kd3 Kf7 32. Rd5 Re6 33. Kd4 Re2
34. Rd1 Ke6 35. c4 Rc2 36. c5 b5 37. Rd6+ Kf7 38. Kd5 a5 39. Rc6 Ra7 40. bxa5
Rxa5 41. Rc7+ Kf8 42. Kc6 Re2 43. Rd8+ Re8 44. Rxe8+ Kxe8 45. Rxg7 Ra3 46. Kb7
b4 47. c6 1-0

[Event "Moscow Open A 2015"]
[Site "Moscow RUS"]
[Date "2015.02.03"]
[Round "4.1"]
[White "Xiu, Deshun"]
[Black "Korobov, Anton"]
[Result "1/2-1/2"]
[WhiteTitle "GM"]
[BlackTitle "GM"]
[WhiteElo "2543"]
[BlackElo "2687"]
[WhiteFideId "8603693"]
[BlackFideId "14105730"]
[EventDate "2015.01.31"]

1. c4 c6 2. d4 d5 3. Nc3 Nf6 4. cxd5 cxd5 5. Bf4 Nc6 6. e3 a6 7. Bd3 Bg4 8. Nge2
e6 9. Qb3 Na5 10. Qa4+ Nc6 11. Qb3 Na5 12. Qa4+ Nc6 13. Qb3 1/2-1/2

[Event "Moscow Open A 2015"]
[Site "Moscow RUS"]
[Date "2015.02.03"]
[Round "4.2"]
[White "Inarkiev, Ernesto"]
[Black "Atabayev, Maksat"]
[Result "1-0"]
[WhiteTitle "GM"]
[BlackTitle "IM"]
[WhiteElo "2675"]
[BlackElo "2496"]
[WhiteFideId "4162722"]
[BlackFideId "14001101"]
[EventDate "2015.01.31"]

1. d4 Nf6 2. c4 e6 3. Nf3 Bb4+ 4. Nbd2 b6 5. a3 Bxd2+ 6. Qxd2 Bb7 7. e3 O-O 8.
Be2 d6 9. b4 Nbd7 10. Bb2 Ne4 11. Qc2 f5 12. O-O Ndf6 13. Rad1 a5 14. d5 e5 15.
Ne1 axb4 16. axb4 Bc8 17. f3 Ng5 18. f4 exf4 19. exf4 Nge4 20. Nf3 Bd7 21. Ra1
c6 22. Rxa8 Qxa8 23. Ra1 Qb7 24. dxc6 Bxc6 25. Bd4 Bd7 26. Nd2 Nxd2 27. Qxd2 Ne4
28. Qb2 Be6 29. Ra3 h6 30. Qa2 Rf7 31. Ra6 b5 32. Rb6 Qe7 33. Rxb5 Qh4 34. g3
Nxg3 35. Qa8+ Kh7 36. hxg3 Qxg3+ 37. Qg2 Qxf4 38. Qf2 Qc1+ 39. Kh2 Qc2 40. Bf1
Qd1 41. Be2 Qb1 42. Qe3 Bd7 43. Rb6 Qe1 44. Qf2 Qb1 45. Rxd6 Re7 46. Bh5 Be6 47.
Qg1 Qe4 48. Qg6+ 1-0

[Event "Moscow Open A 2015"]
[Site "Moscow RUS"]
[Date "2015.02.03"]
[Round "4.3"]
[White "Grachev, Boris"]
[Black "Zakhartsov, Vladimir"]
[Result "1/2-1/2"]
[WhiteTitle "GM"]
[BlackTitle "IM"]
[WhiteElo "2670"]
[BlackElo "2421"]
[WhiteFideId "4129199"]
[BlackFideId "4145097"]
[EventDate "2015.01.31"]

1. d4 Nf6 2. c4 e6 3. Nc3 Bb4 4. Qc2 c5 5. dxc5 Bxc5 6. Nf3 Nc6 7. Bg5 Qa5 8.
Bd2 Qc7 9. e3 a6 10. Be2 O-O 11. O-O Ba7 12. Ne4 Nxe4 13. Qxe4 f5 14. Qh4 d6 15.
b4 e5 16. c5 dxc5 17. bxc5 h6 18. Bc3 Be6 19. Qg3 Bxc5 20. Bxe5 Nxe5 21. Qxe5
Qxe5 22. Nxe5 Rfd8 23. a4 Rac8 24. Bc4 Bxc4 25. Nxc4 b5 26. axb5 axb5 27. Na5
Bb4 28. Nb3 Bc3 29. Ra7 Ra8 30. Rb7 Rd5 31. g3 b4 32. Kg2 Rad8 33. Rc1 R8d7 34.
Rb6 R7d6 35. Rb7 Rd7 36. Rb6 R7d6 37. Rb7 1/2-1/2

[Event "Moscow Open A 2015"]
[Site "Moscow RUS"]
[Date "2015.02.03"]
[Round "4.4"]
[White "Iljushin, Alexei"]
[Black "Fedoseev, Vladimir3"]
[Result "1/2-1/2"]
[WhiteTitle "GM"]
[BlackTitle "GM"]
[WhiteElo "2515"]
[BlackElo "2668"]
[WhiteFideId "4122178"]
[BlackFideId "24130737"]
[EventDate "2015.01.31"]

1. d4 Nf6 2. c4 g6 3. Nc3 Bg7 4. e4 O-O 5. f3 d6 6. Nge2 a6 7. Be3 c6 8. Qd2 b5
9. Bh6 e5 10. Bxg7 Kxg7 11. h4 h5 12. dxe5 dxe5 13. Qxd8 Rxd8 14. Nc1 Be6 15.
Nb3 Ra7 16. Be2 Rc7 17. O-O Nbd7 18. Rfd1 Rb8 19. Na5 Nb6 20. b3 Nfd7 21. Rd6
Rbc8 22. Rc1 Kf8 23. Nd1 Ke7 24. Rd2 Nc5 25. Ne3 f5 26. cxb5 cxb5 27. Rdc2 f4
28. Nd1 Bd7 29. Rb2 Ne6 30. Rxc7 Rxc7 31. Nf2 Rc1+ 32. Kh2 Nc5 33. Rd2 Be8 34.
Bd3 Bd7 35. Bc2 b4 36. Bd3 Be8 37. Be2 Bd7 38. Bd3 Ke6 39. Bc4+ Ke7 40. Be2 Be8
41. Bc4 Bd7 42. Be2 Be8 43. Bc4 Rc3 44. Be2 Bd7 45. Nd1 Rc1 46. Nb2 Ra1 47. Nbc4
Nxc4 48. Bxc4 Ne6 49. Bxa6 Nd4 50. Nb7 Rc1 51. Bc4 Be6 52. Na5 Re1 53. Bxe6 Kxe6
54. Nc4 Ra1 55. Rf2 Nb5 56. Rd2 Nd4 57. Rf2 Nb5 58. Rd2 Nd4 59. Rf2 Nb5 60. Rd2
Nd4 61. Rf2 Nb5 62. Rd2 Nd4 1/2-1/2

[Event "Moscow Open A 2015"]
[Site "Moscow RUS"]
[Date "2015.02.03"]
[Round "4.7"]
[White "Matsenko, Sergei"]
[Black "Sjugirov, Sanan"]
[Result "1/2-1/2"]
[WhiteTitle "IM"]
[BlackTitle "GM"]
[WhiteElo "2489"]
[BlackElo "2678"]
[WhiteFideId "4170083"]
[BlackFideId "4189302"]
[EventDate "2015.01.31"]

1. Nf3 d5 2. c4 d4 3. b4 Bg4 4. d3 Bxf3 5. exf3 e5 6. a3 a5 7. b5 Nd7 8. f4 exf4
9. Bxf4 Nc5 10. Qe2+ Be7 11. g3 Nf6 12. Bg2 O-O 13. O-O h6 14. Be5 Re8 15. Bxf6
Bxf6 16. Qf3 Qd6 17. Nd2 Re7 18. Rfe1 Rae8 19. Rxe7 Rxe7 20. Qf5 Qe5 21. Qxe5
Rxe5 22. Ne4 Nxe4 23. Bxe4 b6 24. Kf1 Be7 25. a4 Bb4 26. Ra2 g6 27. Re2 Kg7 28.
Bd5 Rxe2 29. Kxe2 f5 30. h4 Kf6 31. f4 h5 32. Kd1 Ke7 33. Bg8 Kf6 34. Bd5 Ke7
35. Bg8 Kf6 36. Bd5 Ke7 37. Bg8 Kf6 38. Bd5 Ke7 39. Bg8 Kf6 40. Bd5 1/2-1/2

[Event "Moscow Open A 2015"]
[Site "Moscow RUS"]
[Date "2015.02.03"]
[Round "4.8"]
[White "Ulko, Jaroslav"]
[Black "Khismatullin, Denis"]
[Result "0-1"]
[WhiteTitle "IM"]
[BlackTitle "GM"]
[WhiteElo "2482"]
[BlackElo "2673"]
[WhiteFideId "4116658"]
[BlackFideId "4142578"]
[EventDate "2015.01.31"]

1. d4 Nf6 2. Nf3 b5 3. e3 a6 4. Bd3 Bb7 5. Nbd2 e6 6. a4 b4 7. e4 c5 8. e5 Nd5
9. dxc5 Bxc5 10. Nc4 h6 11. Qe2 Nc6 12. O-O f5 13. exf6 Qxf6 14. Nfe5 Nxe5 15.
Nxe5 Kd8 16. Qe4 Kc7 17. Qc4 d6 18. Ng6 Rhe8 19. Be3 Nxe3 20. fxe3 Qg5 21. Rf7+
Kb8 22. Nf4 Ra7 23. Re1 Bxg2 24. Nxg2 Rxf7 25. Qxa6 Rc8 26. Be4 d5 27. Qxe6 Re7
28. Qxd5 Qxd5 29. Bxd5 Rd8 30. Bc4 Rd2 31. Re2 Rd1+ 32. Kf2 g5 33. Ne1 Bxe3+ 34.
Rxe3 Rxe3 35. Kxe3 Rxe1+ 36. Kf3 Re5 37. Bd3 Kc7 38. Kg4 Re3 39. h4 gxh4 40.
Kxh4 Re5 41. b3 Kd6 42. Kg4 Ke7 43. Kh4 Kf6 44. Kg4 Rg5+ 45. Kh4 Ke5 46. a5 Kd6
47. a6 Kc7 48. Bc4 Kb6 49. Bd3 Ka7 50. Bc4 Ra5 51. Bd3 Rxa6 52. Kh5 Rf6 0-1

[Event "Moscow Open A 2015"]
[Site "Moscow RUS"]
[Date "2015.02.03"]
[Round "4.9"]
[White "Petrosian, Tigran L."]
[Black "Zaitsev, Alexander"]
[Result "1-0"]
[WhiteTitle "GM"]
[BlackTitle "IM"]
[WhiteElo "2663"]
[BlackElo "2472"]
[WhiteFideId "13301616"]
[BlackFideId "4164490"]
[EventDate "2015.01.31"]

1. Nf3 d5 2. g3 c6 3. Bg2 Bf5 4. O-O e6 5. d3 h6 6. c4 dxc4 7. dxc4 Qxd1 8. Rxd1
Nf6 9. Nc3 Bc2 10. Rd2 Bh7 11. b3 Nbd7 12. Bb2 Be7 13. Nd4 e5 14. Nf3 e4 15. Nd4
O-O-O 16. e3 Ne5 17. Rad1 g5 18. Nce2 Bb4 19. Nxc6 Rxd2 20. Nxa7+ Kd7 21. Rxd2+
Bxd2 22. Bxe5 Ra8 23. Bxf6 Rxa7 24. a4 Ra6 25. Bd4 f5 26. f3 Rd6 27. fxe4 f4 28.
Bh3+ Ke8 29. c5 Bxe3+ 30. Bxe3 Rd3 31. Nxf4 Rxe3 32. Nd5 Rxb3 33. Nf6+ Kf8 34.
Nxh7+ Kg7 35. Bf5 Rc3 36. Kf2 Rxc5 37. Ke3 Ra5 38. g4 Kf7 39. Bd7 Kg7 40. Bf5
Kf7 41. Bd7 Kg7 42. Kd4 Kxh7 43. Bb5 Ra8 44. Kc5 Rf8 45. e5 Kg7 46. e6 Kf6 47.
Kd6 Rd8+ 48. Bd7 Ra8 49. e7 Ra6+ 50. Bc6 bxc6 51. e8=Q Rxa4 52. Qf8+ Kg6 53.
Qg8+ Kf6 54. Qh8+ Kg6 55. Ke5 Ra7 56. Qg8+ Rg7 57. Qe8+ Kh7 58. Kf6 c5 59. Qe4+
Kh8 60. Qd5 1-0